00310nam a2200121Ia 4500008004100000040001600041041001200057082001600069100001800085245004200103260002700145300001600172230917s9999||||xx |||||||||||||| ||und|| e28393aMAIN aEnglish a323.4 C449H aChitkara, M G 0aHuman rights: Commitment and betrayal aNew DelhibA P Hc1996 axvi, 305 p.